Normal view
MARC view
- Canfield J; Hansen M & Pathak A
Entry Personal Name
001 - CONTROL NUMBER
- control field: 117326
003 - CONTROL NUMBER IDENTIFIER
- control field: OSt
005 - DATE AND TIME OF LATEST TRANSACTION
- control field: 20230125045356.0
008 - FIXED-LENGTH DATA ELEMENTS
- fixed length control field: 230125|| aca||aabn | a|a d
040 ## - CATALOGING SOURCE
- Original cataloging agency: OSt
- Transcribing agency: OSt
100 ## - HEADING--PERSONAL NAME
- Personal name: Canfield J; Hansen M & Pathak A
670 ## - SOURCE DATA FOUND
- Source citation: Work cat.: (OSt)95091: Canfield J, Chicken Soup For The Indian Soul: Teens Talk Growing Up., 2011